[Event "POL-ch Teachers"]
[Site "Krakow"]
[Date "2008.05.22"]
[Round "1.4"]
[White "Osipow, Nikolaj"]
[Black "Makowka, Kamil"]
[Result "1-0"]
[WhiteElo "2216"]
[BlackElo "1854"]
[PlyCount "91"]
[EventDate "2008.05.22"]
[EventType "swiss"]
[EventRounds "9"]
[EventCountry "POL"]
[SourceTitle "EXT 2023"]
[Source "ChessBase"]
[SourceDate "2022.10.05"]
[SourceVersion "1"]
[SourceVersionDate "2022.10.05"]
[SourceQuality "1"]

1. e4 e6 2. d4 d5 3. exd5 exd5 4. Bd3 Bd6 5. Nf3 Nc6 6. 0-0 Bg4 7. c3 Nge7 8. Re1 Qd7 9. b4 0-0 10. h3 Bf5 11. b5 Na5 12. Ne5 Bxe5 13. Bxf5 Nxf5 14. dxe5 Qe6 15. Nd2 Rfe8 16. Ba3 Rad8 17. Bc5 a6 18. a4 Nc4 19. Nf3 Qg6 20. Qe2 b6 21. Bd4 a5 22. Nh2 Nh4 23. f4 Nf5 24. Qg4 Ng3 25. Qxg6 hxg6 26. Nf3 Ne4 27. Ra2 f6 28. Rae2 Kf7 29. g4 Ng3 30. Rf2 Ne4 31. Rfe2 Ng3 32. Rc2 Ne4 33. Kg2 Rc8 34. Rd1 Rcd8 35. h4 Rh8 36. Re2 f5 37. e6+ Kxe6 38. Bxg7 Rhg8 39. Ng5+ Ke7 40. Bd4 Ncd6 41. Be5 Nxg5 42. fxg5 Kf7 43. Rxd5 Rge8 44. Red2 Ke6 45. gxf5+ gxf5 46. Bf6 1-0